Lost for Words: Athletes Quiz Stats

 Plays Quiz Updated Aug 25, 2019

Score 0/22 Timer 04:00
1 Play Today
Question Answer Wrong Answers
Tiger Woods Tiger in the woods
98.2%
Lion in the grass
1.1%
Bear in the snow
0.6%
Babe Ruth Babe, Pig in the City
89.8%
Air Bud
3.5%
Dunston Checks In
3.2%
Jerry Rice Rice
87.3%
Burger
2.8%
Candy
5.5%
Pete Rose Rose
84.5%
Orchid
4.1%
Lily
5%
Tom Brady Brady Bunch
83.4%
Partridge Family
8.6%
Family Ties
5.1%
Joe Montana Montana
82.3%
California
5.5%
Virginia
5.5%
Lionel Messi Messy
82.1%
Empty
7.9%
Clean
4.3%
Ichiro Suzuki Suzuki
81.9%
Hyundai
7.7%
Renault
5.6%
Aaron Rodgers Mister Rogers
78.5%
Captain Kangaroo
6.8%
Bill Nye the Science Guy
9.5%
Shaun White White
77.7%
Green
10.1%
Brown
5.6%
Lance Armstrong Lance
77.5%
Battle Axe
6.7%
Mace
10.5%
Hope Solo Han Solo
76.8%
Chewbacca
3.2%
Princess Leia
13.6%
Michael Jordan Jordan
76.3%
Iran
8%
Oman
14.7%
Lewis Hamilton Hamilton
75.8%
Phantom of the Opera
9.5%
Les Misérables
7.5%
Usain Bolt Bolt
73.7%
Nut
21.1%
Screw
1.6%
Mia Hamm Hamm
72.9%
Slinky Dog
12.4%
Rex
9.9%
Bobby Orr Oar
71.5%
Life Jacket
8%
Canoe
14.1%
Ty Cobb Corn Cob
70.1%
Onion
5.4%
Bell Pepper
17.1%
Mike Trout Trout
66.4%
Marlin
9.8%
Stingray
18.2%
Cam Newton Isaac Newton
63.7%
Galileo Galilei
14.3%
René Descartes
15.8%
Björn Borg Borg
59.9%
Worf
19.2%
Geordi
15%
Venus Williams Venus
53.2%
Saturn
8.7%
Jupiter
36.7%

You're not logged in!

Compare scores with friends on all Sporcle quizzes.
OR
Log In

Sporcle TV

Today on Sporcle TV


Watch our educational content, quiz creation guides, and fun videos on Sporcle TV.

Show Comments

Extras

Top Quizzes Today


Score Distribution

Your Account Isn't Verified!

In order to create a playlist on Sporcle, you need to verify the email address you used during registration. Go to your Sporcle Settings to finish the process.

Report this User

Report this user for behavior that violates our Community Guidelines.

Details: